History Quiz

Random History or Decade Quiz

True or False Blitz: 1980s Quiz Stats

 Plays Quiz Updated Oct 19, 2017

Challenge
Share
Tweet
Embed
Score 0/20 Timer 02:00
4 Plays Today
Question Answer Wrong Answers
1980s HISTORY: The 'Exxon Valdez' oil spill took place off the coast of Japan. False
83.3%
True
12.4%
1980s ROYALTY: Prince William was born in the 1980s. True
82.3%
False
13.4%
1980s SPORTS: The San Francisco 49ers were Super Bowl champions more than once in the 1980s. True
81.6%
False
13.9%
1980s LITERATURE: Annie Wilkes is a character in 'Misery.' True
78.7%
False
17%
1980s AWARDS: Desmond Tutu won the Nobel Peace Price before the Dalai Lama did. True
74.2%
False
21.4%
1980s MUSIC: In 1981, 'Video Killed the Radio Star' was the first music video aired on MTV. True
73.4%
False
22.1%
1980s ENTERTAINMENT: 'Cats' premiered during the decade. True
71.6%
False
24%
1980s SPORTS: The 1988 summer Olympic Games were held in South Korea. True
70.1%
False
25.4%
1980s MUSIC: Madonna's first US number one hit was 'Like a Prayer.' False
69.6%
True
25.9%
1980s SCIENCE: No new chemical elements were discovered or first observed in the 1980s. False
68.6%
True
27.1%
1980s HISTORY: Pope John Paul II was shot in the Vatican City in 1981. True
68.5%
False
27.3%
1980s POLITICS: David Lange was Prime Minister of New Zealand in the 1980s. True
68.4%
False
27%
1980s LITERATURE: 'The Color Purple' was written by Margaret Atwood. False
67.9%
True
27.7%
1980s HISTORY: The Falklands War lasted for 3 years. False
67.8%
True
27.7%
1980s POLITICS: Margaret Thatcher was Prime Minister of the UK for the whole of the 1980s. True
61.3%
False
34.4%
1980s MOVIES: 'Back to the Future' was directed by Steven Spielberg. False
60.9%
True
34.7%
1980s TELEVISION: The answer to the question 'Who shot J.R.?' was Sue Ellen Ewing. False
55.5%
True
40.1%
1980s GEOGRAPHY: Brunei gained its independence from France. False
49.8%
True
45.6%
1980s HISTORY: The Chernobyl disaster occurred in 1982. False
48.6%
True
47%
1980s GEOGRAPHY: The country known as Zaire in the 1980s is now known as the Central African Republic. False
40.9%
True
54.5%

You're not logged in!

Compare scores with friends on all Sporcle quizzes.
OR
Log In

You Might Also Like...

Show Comments

Extras

Top Quizzes Today


Score Distribution

Your Account Isn't Verified!

In order to create a playlist on Sporcle, you need to verify the email address you used during registration. Go to your Sporcle Settings to finish the process.

Report this User

Report this user for behavior that violates our Community Guidelines.

Details: